Responses for Show #7022 - Tuesday, March 10, 2015

Contestants

[<< previous game]

Mikki Gibson, a learning architect from Austin, Texas

Penny Reid, a newspaper copy editor from Bloomington, Indiana

Jen Jabaily Blackburn, an academic assistant from Northampton, Massachusetts (whose 1-day cash winnings total $19,700)

[next game >>]

Jeopardy! Round responses

CELEBRITY NAME RECOGNITION
TIME FOR ART
ON THE NOSE
CALIFORNIA, HERE YOU COME!
CLASSIC VIDEO GAMES
WORDS ABOUT WORDS
    $200 23
Boardwalk Empire

Jen
    $200 1
Gothic

Penny
    $200 16
(Jen: What is Perce Nez?)
[Originally ruled correct; reversed before the Daily Double at clue 20]

Nez Perce

Jen
Triple Stumper
    $200 21
(Alex: You are right, with a minute to go.)

Sacramento

Penny
    $200 3
Pong

Penny
    $200 11
connotation

Jen
    $400 24
Les Misérables

Mikki
    $400 2
Dada

Mikki
    $400 17
rub their nose in it

Penny
    $400 22
San Jose

Jen
    $400 4
Ms. Pac-Man

Penny
    $400 12
splitting an infinitive

Penny
    $600 25
Futurama

Penny
    $600 6
the 60s

Jen
    $600 18
the sinuses

Jen
    $600 5
Q*bert

Jen
    $600 13
(Penny: What is [*]?)
(Alex: Yeah. You like that. Makes you laugh, huh?)
(Penny: I wouldn't give examples.)

cursing

Penny
    $800 26
[The end-of-round signal sounds.]

Mean Streets

Triple Stumper
    $800 7
Rococo

Jen
    $800 19
(Jen: What is Rockefeller?)

Du Pont

JenPenny
    $800 9
Joust

Penny
    $800 14
anachronism

Mikki
    $1000 8
(Mikki: What is medieval?)
(Alex: We need more than that.
(Mikki: [No answer])
(Alex: Gotta be specific.)
(Mikki: )
(Jen: What is 13th century?)
...
(Alex: Both of you are hovering around the correct response. Trecento refers to the [*], which means the 14th century.)

the 1300s

JenMikki
Triple Stumper
    $2,000 20
the proboscis monkey

Penny
    $1000 10
Missile Command

Penny
    $1000 15
(Penny: What is a phrase?)

the clause

PennyMikki

Scores at the first commercial break (after clue 15):

Jen Penny Mikki
$1,200 $2,600 $1,200

Scores at the end of the Jeopardy! Round:

Jen Penny Mikki
$1,400 $6,600 $1,600

Double Jeopardy! Round responses

ALL PRESIDENT NIXON'S MEN
TV SHOW SETTINGS
(Alex: We will give you the [*], you identify the series for us.)
ARCHAEOLOGY
FICTION
WE "CU"
EUROPE TO NO GOOD
    $400 26
Kissinger

Penny
    $400 1
Orange is the New Black

Jen
    $400 21
the Dead Sea Scrolls

Jen
    $400 6
Brave New World

Penny
    $400 11
cuisine

Mikki
    $400 16
Attila

Penny
    $800 27
Caspar Weinberger

Penny
    $800 2
Parks and Recreation

Jen
    $800 22
Hammurabi

Penny
    $800 7
Horatio Alger

Mikki
    $800 12
custom

Penny
    $800 17
Mussolini

Mikki
    $1200 28
aerosol

Penny
    $1200 3
Hogan's Heroes

Penny
    $1200 23
Spain

Triple Stumper
    $1200 8
Lady Chatterley's Lover

Mikki
    $1200 13
custodial

Jen
    $1200 18
the Impaler

Penny
    $1600 29
Spiro Agnew

Penny
    $1600 4
(Mikki: Sorry.)

Nurse Jackie

Mikki
Triple Stumper
    $1600 24
the Yucatán

Penny
    $2,000 9
Iowa

Mikki
    $1600 14
curio

Penny
    $1600 19
Guy Fawkes

Penny
    $2000 30
George Shultz

Triple Stumper
    $2000 5
Picket Fences

Penny
    $2000 25
the birch tree

Triple Stumper
    $2000 10
The Turn of the Screw

Triple Stumper
    $4,000 15
cutaneous

Penny
    $2000 20
Torquemada

Jen

Scores at the end of the Double Jeopardy! Round:

Jen Penny Mikki
$6,200 $26,200 $5,200
(lock game)

[wagering suggestions for these scores]

Final Jeopardy! Round responses

NOBEL LAUREATES
(Alex: [To Mikki] The "God Particle".)
...
(Alex: And Penny's not looking very happy, because she crossed the top of the "H", and the bottom... It's a common error, I do it all the time myself.)
MikkiWho is Higgs?
$5,198
JenWho is Higgs
$4,201
PennyWho is Biggs?
$3,800
Peter Higgs

Final scores:

Jen Penny Mikki
$10,401 $22,400 $10,398
2nd place: $2,000 New champion: $22,400 3rd place: $1,000

Game dynamics:

Coryat scores:

Jen Penny Mikki
$6,200 $23,200 $4,800
12 R,
3 W
27 R
(including 2 DDs),
1 W
9 R
(including 1 DD),
2 W

Combined Coryat: $34,200

[game clues] [game scores] [suggest correction]

Game tape date: 2015-01-07
The J! Archive is created by fans, for fans. Scraping, republication, monetization, and malicious use prohibited; this site may use cookies and collect identifying information. See terms. The Jeopardy! game show and all elements thereof, including but not limited to copyright and trademark thereto, are the property of Jeopardy Productions, Inc. and are protected under law. This website is not affiliated with, sponsored by, or operated by Jeopardy Productions, Inc. Join the discussion at JBoard.tv.